[Event "GER-ch U25-C"]
[Site "Willingen"]
[Date "2019.06.14"]
[Round "8"]
[White "Hapke, Lara"]
[Black "Bartelheimer, Erik"]
[Result "1-0"]
[WhiteElo "1358"]
[BlackElo "1053"]
[PlyCount "119"]
[EventDate "2019.06.08"]
[EventType "swiss"]
[EventRounds "9"]
[EventCountry "GER"]
[SourceTitle "CBM 191 Extra"]
[Source "ChessBase"]
[SourceDate "2019.09.30"]
[SourceVersion "1"]
[SourceVersionDate "2019.09.30"]
[SourceQuality "1"]

1. e4 e5 2. Nf3 Nc6 3. d4 exd4 4. Nxd4 Qh4 5. Nc3 Bb4 6. Be3 Nf6 7. a3 Ba5 8. Nxc6 bxc6 9. b4 Bb6 10. Bxb6 cxb6 11. Bd3 0-0 12. 0-0 d6 13. Qf3 Bg4 14. Qf4 Rad8 15. f3 h6 16. fxg4 Qg5 17. Qxg5 hxg5 18. h3 Rde8 19. Rae1 d5 20. exd5 Rxe1 21. Rxe1 cxd5 22. Bb5 d4 23. Ne4 Nxe4 24. Rxe4 Rd8 25. Re7 a5 26. Re8+ Rxe8 27. Bxe8 Kf8 28. Bb5 Ke7 29. bxa5 bxa5 30. Kf2 Kd6 31. Ke2 Kc5 32. a4 Kb4 33. Kd3 Kc5 34. c3 dxc3 35. Kxc3 f6 36. Kd3 Kd5 37. g3 Ke5 38. Kc4 Kd6 39. Kd4 Kc7 40. Kd5 Kd8 41. Ke6 Kc8 42. Kf7 Kd8 43. Kxg7 Ke7 44. h4 Ke6 45. h5 f5 46. h6 f4 47. gxf4 gxf4 48. h7 f3 49. h8Q Ke5 50. Qe8+ Kf4 51. Qe6 Kg3 52. Qf5 f2 53. Kf6 Kh4 54. Qxf2+ Kh3 55. Qg1 Kh4 56. g5 Kh5 57. g6 Kh4 58. g7 Kh3 59. g8R Kh4 60. Qh1# 1-0